Serie A players 2017/18 - Statistics

General Stats
  • This quiz has been taken 4 times
  • The average score is 98 of 533
Answer Stats
Rank Player Positions Nationality Matches Goals Assists Clubs % Correct
4 Dries Mertens MF, FW 38 18 7
100%
1 Alex Cordaz GK 38 0 0
67%
355 Alex Meret GK 13 0 0
67%
14 Alisson GK 37 0 0
67%
2 Allan DF, MF 38 4 5
67%
15 Andrea Consigli GK 37 0 0
67%
241 Daniele De Rossi DF, MF 22 1 1
67%
104 Diego Falcinelli MF, FW 32 2 1
67%
35 Edin Džeko FW 36 16 3
67%
265 Gianluigi Buffon GK 21 0 0
67%
6 Gianluigi Donnarumma GK 38 0 0
67%
51 Gonzalo Higuaín MF, FW 35 16 5
67%
8 José Callejón MF, FW 38 10 9
67%
266 Juan Cuadrado DF, MF, FW 21 4 4
67%
158 Kostas Manolas DF 29 2 0
67%
21 Lorenzo Insigne MF, FW 37 8 11
67%
9 Marek Hamšík MF 38 7 1
67%
207 Mário Rui DF, MF 25 2 2
67%
10 Milan Škriniar DF, MF 38 4 0
67%
126 Miralem Pjanić MF 31 5 5
67%
92 Paulo Dybala MF, FW 33 22 3
67%
11 Samir Handanović GK 38 0 0
67%
12 Stefano Sorrentino GK 38 0 0
67%
13 Thomas Strakosha GK 38 0 0
67%
410 Achraf Lazaar DF, MF 9 1 0
33%
94 Adam Marušić DF 32 3 4
33%
64 Adam Masina DF 34 0 1
33%
367 Ádám Nagy MF 12 1 0
33%
95 Adrian Stoian MF, FW 32 2 4
33%
403 Ahmad Benali MF, FW 10 1 1
33%
96 Albano Bizzarri GK 32 0 0
33%
353 Alberto Brignoli GK 13 1 0
33%
30 Alberto Paloschi FW 36 7 0
33%
420 Aleksandar Tonev MF, FW 8 0 0
33%
97 Alessandro Florenzi DF, FW 32 1 3
33%
221 Alessandro Gamberini DF 23 0 0
33%
222 Alessandro Matri FW 23 3 0
33%
209 Alessio Cerci MF, FW 24 3 1
33%
163 Alessio Romagnoli DF 28 2 0
33%
198 Alex Ferrari DF 25 1 0
33%
185 Alfred Duncan MF 26 0 2
33%
186 Alfred Gomis GK 26 0 0
33%
293 Amadou Diawara MF 18 1 0
33%
199 Andrea Barzagli DF 25 0 1
33%
98 Andrea Belotti FW 32 10 5
33%
483 Andrea Conti DF, MF 2 0 0
33%
381 Andrea Cossu MF 11 0 1
33%
316 Andrea Costa DF, MF 16 0 0
33%
224 Andrea Nalini MF, FW 23 0 2
33%
147 Andrea Petagna FW 29 4 5
33%
99 Andrea Poli MF 32 2 0
33%
382 Andrea Ranocchia DF 11 2 0
33%
225 Andreas Cornelius FW 23 3 1
33%
210 André Silva FW 24 2 1
33%
65 Antonín Barák MF, FW 34 7 3
33%
82 Antonio Caracciolo DF 33 2 4
33%
329 Arkadiusz Milik FW 15 5 1
33%
32 Artur Ioniță MF 36 0 2
33%
357 Bacary Sagna DF 13 1 0
33%
476 Bartłomiej Drągowski GK 3 0 0
33%
239 Bartosz Salamon DF, MF 22 0 0
33%
260 Bastos DF 21 4 0
33%
477 Benedikt Höwedes DF 3 1 0
33%
136 Berat Djimsiti DF 30 0 1
33%
100 Blaise Matuidi MF 32 3 1
33%
33 Borja Valero MF 36 2 0
33%
404 Boštjan Cesar DF 10 0 0
33%
137 Bruno Martella DF, MF 30 1 3
33%
318 Bruno Zuculini MF 16 2 0
33%
34 Bryan Cristante DF, MF 36 9 2
33%
508 Carlo Pinsoglio GK 1 0 0
33%
187 Cengiz Ünder MF, FW 26 7 2
33%
383 Charalambos Lykogiannis DF, FW 11 0 1
33%
478 Cheick Keita DF 3 0 0
33%
226 Christian Puggioni GK 23 0 0
33%
84 Ciro Immobile FW 33 29 6
33%
332 Claudio Marchisio MF 15 0 1
33%
369 Cristián Zapata DF 12 0 0
33%
101 Daniele Baselli MF 32 4 0
33%
148 Danilo Cataldi MF 29 1 4
33%
261 Dario Dainelli DF 21 0 0
33%
202 Davide Astori DF 25 1 1
33%
429 Davide Biondini MF 7 0 0
33%
263 Davide Calabria DF 21 1 2
33%
103 Dennis Praet MF, FW 32 1 3
33%
105 Diego Laxalt DF, MF 32 3 3
33%
203 Diego Perotti MF, FW 25 5 3
33%
114 Domenico Berardi MF, FW 31 4 2
33%
115 Douglas Costa MF, FW 31 4 12
33%
487 Duje Čop MF, FW 2 0 0
33%
116 Duván Zapata FW 31 11 3
33%
489 Elio Capradossi DF 2 0 0
33%
49 Elseid Hysaj DF 35 0 1
33%
305 Emanuele Giaccherini MF, FW 17 3 2
33%
284 Emil Hallfreðsson MF, FW 19 0 0
33%
244 Emiliano Moretti DF 22 0 0
33%
178 Emiliano Viviano GK 27 0 0
33%
106 Erick Pulgar DF, MF 32 3 0
33%
117 Ervin Zukanović DF 31 0 1
33%
118 Etrit Berisha GK 31 0 0
33%
50 Fabio Quagliarella FW 35 19 5
33%
85 Fabrizio Cacciatore DF 33 2 2
33%
388 Faouzi Ghoulam DF 11 2 2
33%
245 Federico Bernardeschi DF, MF, FW 22 4 3
33%
16 Federico Ceccherini DF 37 1 0
33%
36 Federico Chiesa DF, MF, FW 36 6 4
33%
68 Federico Fazio DF 34 2 1
33%
119 Federico Peluso DF 31 1 1
33%
264 Felipe Anderson MF, FW 21 4 6
33%
246 Felipe Caicedo MF, FW 22 3 2
33%
139 Felipe dal Belo DF 30 1 1
33%
320 Filip Đuričić MF, FW 16 0 1
33%
228 Filippo Costa DF, MF, FW 23 0 1
33%
5 Francesco Acerbi DF 38 0 0
33%
107 Francesco Magnanelli MF 32 0 0
33%
515 Francesco Rossi GK 1 0 0
33%
69 Francesco Vicari DF 34 0 0
33%
17 Franck Kessié DF, MF 37 5 1
33%
390 Franco Zuculini MF, FW 11 0 0
33%
516 Gabriele Marchegiani GK 1 0 0
33%
154 Gaetano Letizia DF, MF 29 1 0
33%
18 Gastón Ramírez MF, FW 37 3 6
33%
286 Giampaolo Pazzini FW 19 4 0
33%
247 Giancarlo González DF 22 0 0
33%
168 Gianluca Lapadula FW 28 6 1
33%
392 Gianluca Mancini DF, MF 11 1 0
33%
140 Gian Marco Ferrari DF 30 2 0
33%
179 Gil Bastião Dias MF, FW 27 2 3
33%
188 Giorgio Chiellini DF 26 0 1
33%
7 Giovanni Simeone FW 38 14 4
33%
414 Giuseppe Rossi MF, FW 9 1 0
33%
108 Goran Pandev MF, FW 32 5 1
33%
335 Grégoire Defrel MF, FW 15 1 0
33%
374 Guilherme MF, FW 12 2 2
33%
120 Hakan Çalhanoğlu MF, FW 31 6 6
33%
87 Hans Hateboer DF, MF 33 0 1
33%
457 Héctor Moreno DF 5 0 0
33%
19 Iago Falque MF, FW 37 12 8
33%
204 Ibrahima Mbaye DF, MF 25 1 0
33%
375 Isaac Cofie MF 12 0 0
33%
20 Ivan Perišić DF, MF, FW 37 11 7
33%
363 Jacopo Sala DF, MF, FW 13 0 0
33%
37 Jakub Jankto MF, FW 36 4 4
33%
141 Jasmin Kurtić MF, FW 30 3 0
33%
142 Jens Stryger Larsen DF 30 1 1
33%
432 Joachim Andersen DF 7 0 0
33%
248 João Pedro MF, FW 22 5 2
33%
493 Jonathan Silva DF 2 0 0
33%
143 Jordan Lukaku DF, MF 30 1 1
33%
38 Jordan Veretout MF 36 8 1
33%
88 Jorginho MF 33 2 3
33%
518 José Mauri MF 1 0 0
33%
121 Josip Iličić MF, FW 31 11 6
33%
250 Juan Jesus DF 22 0 0
33%
53 Kalidou Koulibaly DF 35 5 1
33%
156 Kevin Lasagna MF, FW 29 12 2
33%
308 Ledian Memushaj MF 17 0 0
33%
54 Leonardo Bonucci DF 35 2 1
33%
447 Leonardo Capezzi MF 6 0 1
33%
89 Leonardo Pavoletti FW 33 11 0
33%
296 Leonardo Spinazzola DF, MF 18 0 3
33%
519 Lisandro López DF 1 0 0
33%
448 Lorenco Šimić DF 6 1 0
33%
55 Lorenzo De Silvestri DF, MF 35 5 2
33%
424 Luca Antei DF 8 0 0
33%
449 Luca Antonelli DF, MF 6 0 0
33%
309 Luca Mora MF 17 0 1
33%
231 Luca Rossettini DF 23 0 0
33%
171 Lucas Biglia MF 28 1 0
33%
397 Lucas Boyé FW 11 0 0
33%
39 Lucas Leiva MF 36 2 3
33%
522 Luigi Sepe GK 1 0 0
33%
72 Luis Alberto MF, FW 34 11 14
33%
523 Łukasz Skorupski GK 1 0 0
33%
41 Manuel Lazzari DF 36 2 1
33%
232 Marcel Büchel MF 23 0 0
33%
123 Marcelo Brozović MF 31 4 8
33%
56 Marco Benassi MF, FW 35 5 3
33%
338 Marco Borriello FW 15 1 0
33%
22 Marco Sportiello GK 37 0 0
33%
407 Marco Tumminello DF, FW 10 3 1
33%
460 Mariano Julio Izco MF 5 0 0
33%
110 Mario Mandžukić MF, FW 32 5 1
33%
471 Marios Oikonomou DF 4 0 0
33%
252 Mariusz Stępiński MF, FW 22 5 0
33%
172 Marko Rog MF, FW 28 1 0
33%
74 Marten de Roon DF, MF 34 3 3
33%
277 Martín Cáceres DF 20 4 1
33%
339 Mateo Musacchio DF 15 0 1
33%
75 Matías Silvestre DF 34 1 0
33%
160 Matías Vecino MF, FW 29 3 2
33%
498 Matteo Bianchetti DF 2 0 0
33%
216 Mattia Caldara DF 24 3 1
33%
193 Mattia Destro MF, FW 26 6 2
33%
23 Mattia Perin GK 37 0 0
33%
194 Mattia Valoti MF, FW 26 3 0
33%
524 Maurício DF 1 0 0
33%
76 Mauro Icardi FW 34 29 1
33%
173 Maxi López FW 28 2 2
33%
195 M'Baye Niang MF, FW 26 4 2
33%
278 Medhi Benatia DF 20 2 0
33%
181 Milan Badelj MF 27 2 1
33%
127 Miranda DF 31 0 0
33%
90 Mirco Antenucci FW 33 11 4
33%
144 Mohamed Fares DF, MF, FW 30 0 1
33%
288 Moise Kean FW 19 4 0
33%
378 Musa Barrow MF, FW 12 3 1
33%
161 Nenad Tomović DF 29 0 0
33%
279 Nicola Murru DF 20 0 1
33%
43 Nícolas Andrade GK 36 0 0
33%
268 Nicolás Spolli DF 21 0 0
33%
218 Nicolas Viola MF, FW 24 2 6
33%
128 Nikola Kalinić FW 31 6 3
33%
502 Nikola Maksimović DF 2 0 0
33%
324 Nikola Milenković DF 16 0 0
33%
289 Paolo Cannavaro DF 19 0 0
33%
91 Papu Gómez MF, FW 33 6 8
33%
129 Pasquale Schiattarella MF 31 1 3
33%
174 Patrick Cutrone FW 28 10 1
33%
254 Patrik Schick MF, FW 22 2 0
33%
25 Pepe Reina GK 37 0 0
33%
111 Përparim Hetemaj MF 32 3 2
33%
434 Pierluigi Gollini GK 7 0 0
33%
130 Radja Nainggolan MF 31 4 7
33%
409 Rafael GK 10 0 0
33%
131 Rafael Tolói DF 31 1 2
33%
473 Raffaele Palladino MF, FW 4 0 0
33%
132 Raúl Albiol DF 31 3 1
33%
58 Remo Freuler MF 35 5 2
33%
481 Ricardo Centurión MF, FW 3 0 0
33%
78 Ricardo Rodríguez DF, MF 34 1 0
33%
300 Riccardo Saponara MF, FW 18 0 4
33%
79 Roberto Inglese FW 34 12 1
33%
269 Robin Gosens DF, MF, FW 21 1 2
33%
280 Rodrigo Bentancur MF 20 0 0
33%
365 Rogério DF, MF 13 0 0
33%
400 Rolando Aarons MF, FW 11 0 0
33%
45 Rolando Mandragora MF 36 2 0
33%
196 Sami Khedira MF 26 9 2
33%
133 Samir Santos DF 31 2 0
33%
417 Samuel Armenteros FW 9 1 0
33%
474 Samuel Gustafson MF, FW 4 0 0
33%
255 Samuel Souprayen DF 22 0 0
33%
435 Sauli Väisänen DF 7 0 0
33%
60 Sergej Milinković-Savić MF 35 12 4
33%
281 Sergio Floccari FW 20 3 0
33%
290 Sergio Pellissier FW 19 1 0
33%
234 Simeon Nwankwo FW 23 7 1
33%
343 Simone Calvano MF 15 0 0
33%
61 Simone Missiroli MF 35 1 1
33%
29 Simone Padoin DF, MF 37 1 0
33%
427 Simone Romagnoli DF 8 0 0
33%
80 Simone Verdi MF, FW 34 10 8
33%
380 Stefano Sturaro MF 12 0 0
33%
134 Ștefan Radu DF 31 0 1
33%
419 Stefan Simić DF 9 0 0
33%
183 Stephan Lichtsteiner DF, MF 27 0 2
33%
256 Stipe Perica FW 22 1 0
33%
62 Suso MF, FW 35 6 6
33%
282 Timothy Castagne DF 20 0 1
33%
47 Tomás Rincón MF 36 1 0
33%
283 Valon Behrami DF, MF 20 1 0
33%
533 Vanja Milinković-Savić GK 1 0 0
33%
327 Vasilis Torosidis DF, MF 16 0 0
33%
292 Vitor Hugo DF 19 1 0
33%
366 Wallace DF 13 0 0
33%
314 Wojciech Szczęsny GK 17 0 0
33%
402 Yuto Nagatomo DF 11 0 1
33%
428 Adam Ounas MF, FW 7 0 0
0%
235 Adel Taarabt MF, FW 22 2 2
0%
176 Adem Ljajić MF, FW 27 6 10
0%
236 Afriyie Acquah MF 22 1 0
0%
162 Alberto Grassi DF, MF 28 3 0
0%
208 Aleandro Rosi DF, MF 24 0 1
0%
48 Aleksandar Kolarov DF 35 2 6
0%
465 Alessandro Bastoni DF 4 0 0
0%
505 Alessandro Buongiorno DF 1 0 0
0%
354 Alessandro Deiola MF 13 0 0
0%
315 Alessandro Murgia MF 16 0 0
0%
146 Alessio Cragno GK 29 0 0
0%
237 Álex Berenguer DF, MF, FW 22 1 3
0%
184 Alex Sandro DF, MF 26 4 3
0%
223 Ali Adnan Kadhim DF, MF, FW 23 0 1
0%
356 Alin Toșca DF 13 0 0
0%
368 Amato Ciciretti MF, FW 12 2 1
0%
3 Andrea Barberis MF 38 2 1
0%
81 Andrea Bertolacci MF 33 1 0
0%
454 Andrea Danzi DF, MF 5 0 0
0%
112 Andrea Masiello DF 31 4 0
0%
506 Andrea Pinamonti FW 1 0 0
0%
484 Andrew Gravillon DF 2 0 0
0%
273 Andrey Galabinov FW 20 3 1
0%
258 Andrija Balić MF, FW 21 0 1
0%
466 Angelo da Costa Júnior GK 4 0 0
0%
238 Ante Budimir FW 22 6 0
0%
135 Antonino Ragusa MF, FW 30 0 1
0%
411 Antonio Barreca DF, MF, FW 9 0 0
0%
31 Antonio Candreva DF, MF, FW 36 0 7
0%
83 Antonio Mirante GK 33 0 0
0%
507 Antonio Santurro GK 1 0 0
0%
440 Aristóteles Romero MF, FW 6 0 0
0%
259 Arlind Ajeti DF 21 0 1
0%
317 Armando Izzo DF 16 1 0
0%
113 Bartosz Bereszyński DF 31 0 1
0%
330 Blerim Džemaili MF 15 1 0
0%
455 Boukary Dramé DF, MF 5 0 0
0%
177 Bram Nuytinck DF 27 1 1
0%
412 Bright Gyamfi DF 9 0 0
0%
331 Bruno Gaspar DF 15 0 2
0%
294 Bruno Peres DF, MF 18 0 0
0%
200 Bruno Petković MF, FW 25 0 3
0%
405 Bryan Dabo DF, MF 10 1 0
0%
413 Carlos Sánchez DF, MF 9 1 0
0%
358 Cesar Falletti MF, FW 13 1 0
0%
384 Cheick Diabaté FW 11 8 0
0%
359 Christian Maggio DF, MF 13 0 0
0%
509 Christian Rutjens 0 1 0 0
0%
319 Claud Adjapong DF, MF, FW 16 0 0
0%
201 Cristian Ansaldi DF, MF, FW 25 1 3
0%
421 Cristian Dell'Orco DF 8 0 0
0%
274 Cristian Molinaro DF, MF 20 0 1
0%
66 Cristiano Biraghi DF, MF 34 1 4
0%
303 Cristiano Lombardi DF, MF, FW 17 0 2
0%
240 Cyril Théréau FW 22 7 2
0%
360 Dalbert Henrique DF, MF 13 0 0
0%
441 Damir Ceter FW 6 0 0
0%
164 Daniel Bessa MF, FW 28 3 1
0%
304 Daniele Dessena MF 17 0 0
0%
242 Daniele Rugani DF 22 2 1
0%
138 Daniele Verde MF, FW 30 2 2
0%
385 Daniel Pavlović DF, MF 11 0 0
0%
67 Danilo D'Ambrosio DF 34 2 3
0%
102 Danilo Larangeira DF 32 1 0
0%
262 Darko Lazović DF, MF, FW 21 0 1
0%
227 Davide Biraschi DF 23 0 1
0%
485 Davide Di Gennaro MF, FW 2 0 0
0%
165 Davide Faraoni DF, MF 28 2 4
0%
333 Davide Santon DF 15 0 0
0%
486 Davide Zappacosta DF, MF 2 0 0
0%
243 Dawid Kownacki MF, FW 22 5 2
0%
510 Deian Boldor DF 1 0 0
0%
166 Diego Farias MF, FW 28 1 4
0%
430 Domenico Maietta DF 7 0 0
0%
386 Dušan Basta DF, MF 11 0 1
0%
488 Eddie Salcedo MF, FW 2 0 0
0%
149 Éder MF, FW 29 3 0
0%
167 Édgar Barreto MF 28 1 2
0%
361 Edoardo Goldaniga DF 13 1 0
0%
490 Emanuele Torrasi MF 2 0 0
0%
511 Emerson Palmieri DF, MF 1 0 0
0%
370 Emil Krafth DF 12 0 0
0%
442 Enrico Bearzotti DF, FW 6 0 0
0%
295 Enrico Brignola MF, FW 18 3 2
0%
371 Eros Schiavon DF, MF 12 0 0
0%
512 Eugenio Lamanna GK 1 0 0
0%
387 Everton Luiz MF 11 0 0
0%
150 Fabio Borini DF, MF, FW 29 2 3
0%
513 Fabio Ceravolo FW 1 0 0
0%
285 Fabio Depaoli DF, MF 19 0 0
0%
422 Fabio Lucioni DF 8 0 0
0%
211 Fabio Pisacane DF 24 0 0
0%
514 Fabrizio Caligara MF, FW 1 0 0
0%
372 Federico Bonazzoli MF, FW 12 0 0
0%
212 Federico Di Francesco DF, MF, FW 24 1 1
0%
151 Federico Mattiello DF, MF, FW 29 0 0
0%
275 Federico Ricci MF, FW 20 1 1
0%
152 Federico Viviani MF 29 3 3
0%
389 Felipe Avenatti FW 11 0 0
0%
153 Filip Helander DF, MF 29 0 0
0%
229 Filippo Romagna DF 23 0 0
0%
406 Francesco Cassata DF, MF, FW 10 1 0
0%
443 Francesco Migliore DF 6 0 0
0%
444 Francesco Zampano DF, MF 6 0 1
0%
373 Gabriele Angella DF 12 0 0
0%
391 George Pușcaș MF, FW 11 1 0
0%
70 Germán Pezzella DF 34 1 0
0%
213 Gerson MF, FW 24 2 1
0%
86 Giacomo Bonaventura MF, FW 33 8 2
0%
445 Gian Filippo Felicioli DF, MF 6 0 0
0%
71 Gianluca Caprari MF, FW 34 5 3
0%
362 Gianluca Di Chiara DF 13 0 0
0%
491 Gianluca Gaudino MF 2 0 0
0%
492 Gianluca Pegolo GK 2 0 0
0%
479 Gianluca Scamacca FW 3 0 0
0%
393 Giovanni Crociata DF, MF, FW 11 1 0
0%
517 Giovanni Volpicelli MF 1 0 0
0%
334 Giuseppe Pezzella DF, MF, FW 15 0 0
0%
169 Godfred Donsah MF 28 2 1
0%
456 Gregory van der Wiel DF 5 0 0
0%
431 Han Kwang-song FW 7 0 0
0%
306 Ignazio Abate DF, MF 17 1 0
0%
394 Iuri Medeiros MF, FW 11 2 1
0%
52 Ivan Radovanović DF, MF 35 1 1
0%
307 Ivan Strinić DF 17 0 2
0%
336 Jagoš Vuković DF 15 1 1
0%
467 Jawad El Yamiq DF 4 0 0
0%
458 Jean-Claude Billong DF 5 0 0
0%
189 João Cancelo DF, MF 26 1 2
0%
346 João Mário MF, FW 14 0 1
0%
249 Joel Obi DF, MF 22 5 1
0%
190 José Luis Palomino DF 26 1 0
0%
494 Karamoko Cissé MF, FW 2 0 0
0%
155 Karol Linetty MF 29 3 1
0%
446 Kevin Bonifazi DF 6 0 0
0%
109 Kevin Strootman MF 32 1 1
0%
157 Khouma Babacar FW 29 6 2
0%
287 Kwadwo Asamoah DF, MF 19 0 0
0%
376 Ladislav Krejčí DF, MF, FW 12 0 0
0%
459 Leandro Cabrera DF 5 0 0
0%
347 Leandro Castán DF 14 0 1
0%
348 Lee Seung-woo MF, FW 14 1 0
0%
423 Lorenzo Crisetig MF 8 0 0
0%
337 Lorenzo Del Pinto MF 15 0 0
0%
170 Lorenzo Pellegrini MF 28 3 2
0%
468 Lorenzo Tonelli DF 4 1 0
0%
122 Lorenzo Venuti DF, MF 31 0 1
0%
495 Ľubomír Tupta MF, FW 2 0 0
0%
180 Luca Ceppitelli DF 27 3 0
0%
191 Luca Cigarini MF 26 2 3
0%
520 Luca Crosta GK 1 0 0
0%
395 Luca Garritano DF, MF, FW 11 0 0
0%
276 Luca Mazzitelli DF, MF 20 0 1
0%
230 Luca Rigoni MF 23 2 2
0%
396 Luca Rizzo MF 11 2 0
0%
205 Lucas Castro MF 25 3 4
0%
521 Luca Sparandeo DF 1 0 0
0%
40 Lucas Torreira MF 36 4 1
0%
469 Luca Vido MF, FW 4 0 0
0%
297 Luiz Felipe DF 18 0 1
0%
470 Lyanco DF 4 0 0
0%
496 Mamadou Kanouté MF, FW 2 0 0
0%
267 Manuel Locatelli MF 21 0 0
0%
251 Manuel Pucciarelli MF, FW 22 2 0
0%
415 Marcello Gazzola DF, MF 9 0 0
0%
73 Marcello Trotta FW 34 7 2
0%
233 Marco Andreolli DF 23 0 0
0%
206 Marco Capuano DF 25 0 0
0%
321 Marco D'Alessandro DF, MF, FW 16 1 1
0%
310 Marco Fossati MF 17 0 0
0%
124 Marco Parolo MF 31 4 3
0%
159 Marco Sau MF, FW 29 2 0
0%
497 Marco Silvestri GK 2 0 0
0%
192 Marcus Rohdén MF 26 2 0
0%
125 Mario Sampirisi DF, MF 31 0 0
0%
214 Massimo Coda FW 24 4 1
0%
215 Massimo Gobbi DF, MF 24 0 2
0%
42 Matteo Politano MF, FW 36 10 4
0%
322 Mattia Bani DF 16 0 0
0%
377 Mattia De Sciglio DF, MF 12 1 0
0%
499 Mattia Vitale MF, FW 2 0 0
0%
450 Mattia Zaccagni MF, FW 6 0 0
0%
425 Mauricio Lemos DF 8 1 0
0%
323 Maxime Gonalons MF 16 0 1
0%
433 Maximiliano Olivera DF 7 0 0
0%
472 Mehdi Léris DF, MF, FW 4 0 0
0%
461 Michele Cremonesi DF 5 0 0
0%
253 Miguel Veloso MF 22 1 0
0%
500 Mirko Antonucci MF, FW 2 0 1
0%
364 Mirko Valdifiori MF 13 0 0
0%
525 Molla Wagué DF 1 0 0
0%
501 Moussa Diaby MF, FW 2 0 0
0%
298 Nani MF, FW 18 3 1
0%
426 Niccolò Giannetti DF, FW 8 0 0
0%
526 Niccolò Zanellato MF 1 0 0
0%
480 Nicholas Pierini MF, FW 3 0 0
0%
340 Nicola Rigoni MF 15 0 0
0%
217 Nicolás Burdisso DF 24 0 0
0%
416 Nicolas Haas MF 9 0 0
0%
24 Nicolas Nkoulou DF 37 2 0
0%
77 Nicolò Barella MF 34 6 2
0%
527 Noë Dussenne DF, FW 1 0 0
0%
528 Ognjen Stijepović MF, FW 1 0 0
0%
462 Oliver Kragl DF, MF 5 0 0
0%
408 Orji Okwonkwo MF, FW 10 3 0
0%
341 Oscar Hiljemark MF 15 0 3
0%
57 Paolo Faragò DF, MF 35 2 4
0%
398 Patric DF 11 0 0
0%
399 Paweł Jaroszyński DF 11 0 0
0%
451 Pedro Pereira DF, FW 6 0 0
0%
463 Petar Brlek MF 5 0 0
0%
325 Pietro Iemmello FW 16 2 1
0%
452 Pietro Pellegri FW 6 2 0
0%
44 Piotr Zieliński MF 36 4 1
0%
219 Pol Lirola DF, MF, FW 24 0 2
0%
529 Rafik Zekhnini FW 1 0 0
0%
311 Rafinha MF 17 2 2
0%
349 Raman Chibsah MF 14 0 0
0%
464 Riad Bajić MF, FW 5 0 0
0%
342 Riccardo Meggiorini FW 15 0 0
0%
299 Riccardo Montolivo MF 18 1 1
0%
326 Riccardo Orsolini MF, FW 16 0 1
0%
530 Rick Karsdorp DF, FW 1 0 0
0%
379 Ricky Álvarez MF 12 1 1
0%
145 Roberto Gagliardini DF, MF 30 0 0
0%
26 Rodrigo De Paul MF, FW 37 4 8
0%
175 Rodrigo Palacio MF, FW 28 4 2
0%
27 Rômulo DF, MF, FW 37 3 5
0%
301 Ryder Matos MF, FW 18 0 1
0%
28 Salvatore Sirigu GK 37 0 0
0%
270 Samuel Bastien MF 21 1 0
0%
350 Sandro MF 14 1 0
0%
475 Santiago Gentiletti DF 4 0 0
0%
418 Saphir Taïder MF 9 0 1
0%
436 Sebastián Cristóforo MF 7 0 0
0%
197 Sebastien De Maio DF 26 2 0
0%
182 Seko Fofana MF 27 3 0
0%
59 Senad Lulić DF, MF, FW 35 3 4
0%
401 Senna Miangue DF, FW 11 0 1
0%
220 Silvan Widmer DF, MF, FW 24 3 2
0%
351 Simone Edera MF, FW 14 1 1
0%
503 Simone Lo Faso FW 2 0 0
0%
531 Simone Palombi FW 1 0 0
0%
532 Simone Pontisso MF 1 0 0
0%
453 Simone Scuffet GK 6 0 0
0%
504 Siriki Sanogo MF 2 0 0
0%
46 Stefan de Vrij DF 36 6 0
0%
312 Stefano Sensi MF, FW 17 2 0
0%
93 Stephan El Shaarawy DF, MF, FW 33 7 5
0%
291 Stephane Omeonga DF, MF 19 0 0
0%
437 Svante Ingelsson DF, MF 7 1 1
0%
344 Thiago Cionek DF 15 1 0
0%
313 Thomas Heurtaux DF 17 0 0
0%
438 Timo Letschert DF, MF 7 0 0
0%
482 Umar Sadiq FW 3 0 0
0%
271 Valentin Eysseric MF, FW 21 1 1
0%
302 Valerio Verre MF, FW 18 0 1
0%
63 Valter Birsa MF, FW 35 3 6
0%
352 Vasco Regini DF 14 0 0
0%
345 Vid Belec GK 15 0 0
0%
257 Vincent Laurini DF 22 0 1
0%
272 Vittorio Parigini DF, MF, FW 21 0 0
0%
439 Vlad Chiricheș DF 7 0 0
0%
328 Yann Karamoh MF, FW 16 1 0
0%
No matching quizzes found
Score Distribution
Percent of People with Each Score
Percentile by Number Answered
Your Score History
You have not taken this quiz